[Event "Titled Tuesday intern op 16th Apr Late"]
[Site "Chess.com INT"]
[Date "2024.04.16"]
[Round "3"]
[White "Aditya, Varun Gampa"]
[Black "Faizrakhmanov, Ramil"]
[Result "0-1"]
[WhiteElo "2325"]
[BlackElo "2462"]
[PlyCount "116"]
[EventDate "2024.04.16"]
[EventType "swiss (blitz)"]
[EventRounds "11"]
[EventCountry "USA"]
[SourceTitle "CB17_2024"]
[SourceDate "2024.04.24"]
[SourceVersion "1"]
[SourceVersionDate "2024.04.24"]
[SourceQuality "1"]

1. e4 c6 2. d4 d5 3. Nc3 dxe4 4. Nxe4 Bf5 5. Ng3 Bg6 6. Nf3 Nd7 7. Bd3 Ngf6 8. c3 e6 9. 0-0 Be7 10. Re1 0-0 11. Bxg6 hxg6 12. Ne4 c5 13. Nxf6+ Nxf6 14. dxc5 Bxc5 15. Be3 Bxe3 16. Rxe3 Qb6 17. Qb3 Qc7 18. Rd1 Rfd8 19. Red3 Rxd3 20. Rxd3 b5 21. Qxb5 Rb8 22. Qe5 Rxb2 23. h3 Qb6 24. Qd4 Kf8 25. Qxb6 axb6 26. Ne5 Ke8 27. Nc4 Rxa2 28. Nxb6 Ne4 29. f3 Ng3 30. c4 Ne2+ 31. Kh1 Nf4 32. Rc3 Kd8 33. c5 Kc7 34. g3 Ne2 35. Rd3 Nxg3+ 36. Kg1 Kc6 37. Nc4 f6 38. Nd2 Kxc5 39. Rd7 Kc6 40. Rd8 e5 41. Nc4 Ne2+ 42. Kf2 Nd4+ 43. Ke3 Rh2 44. Rc8+ Kd7 45. Nb6+ Ke6 46. Rc7 Rxh3 47. Rxg7 Rxf3+ 48. Kd2 Rg3 49. Nc8 g5 50. Re7+ Kf5 51. Nd6+ Kg6 52. Re8 Ra3 53. Rg8+ Kh5 54. Rf8 f5 55. Nf7 e4 56. Rh8+ Kg6 57. Rg8+ Kxf7 58. Rxg5 Nf3+ 0-1

[Event "Titled Tuesday intern op 16th Apr Late"]
[Site "Chess.com INT"]
[Date "2024.04.16"]
[Round "4"]
[White "Aditya, Varun Gampa"]
[Black "Tang, Benjamin"]
[Result "1/2-1/2"]
[WhiteElo "2325"]
[BlackElo "2291"]
[PlyCount "169"]
[EventDate "2024.04.16"]
[EventType "swiss (blitz)"]
[EventRounds "11"]
[EventCountry "USA"]
[SourceTitle "CB17_2024"]
[SourceDate "2024.04.24"]
[SourceVersion "1"]
[SourceVersionDate "2024.04.24"]
[SourceQuality "1"]

1. e4 e6 2. d3 d5 3. Nd2 c5 4. Ngf3 Nc6 5. g3 Nf6 6. Bg2 Be7 7. 0-0 0-0 8. e5 Nd7 9. Qe2 Qc7 10. Re1 b5 11. Nf1 Bb7 12. Bf4 Rfc8 13. h4 Qd8 14. N1h2 a5 15. h5 h6 16. Ng4 Nf8 17. Qd2 Nh7 18. a4 bxa4 19. Rxa4 Bf8 20. Bxh6 gxh6 21. Nxh6+ Bxh6 22. Qxh6 d4 23. Nh4 Qg5 24. Qxg5+ Nxg5 25. f4 Nh7 26. Rea1 Rc7 27. Nf3 Nf8 28. Nd2 Nb4 29. Bxb7 Rxb7 30. Rxa5 Rxa5 31. Rxa5 Nxc2 32. Rxc5 Rxb2 33. Ne4 Ne3 34. h6 Kh7 35. Rc8 Ng6 36. Ng5+ Kxh6 37. Nxf7+ Kg7 38. Ng5 Rg2+ 39. Kh1 Rxg3 40. Rc7+ Kg8 41. Rc8+ Kg7 42. Nxe6+ Kf7 43. Ng5+ Ke7 44. e6 Nxf4 45. Rc7+ Ke8 46. Rc8+ Ke7 47. Rc7+ Kd8 48. Rd7+ Ke8 49. Rxd4 Rxg5 50. Rxf4 Ke7 51. Re4 Ng4 52. Re2 Rd5 53. Kg2 Rxd3 54. Re4 Nf6 55. Re1 Nd5 56. Re4 Nc7 57. Kf2 Nxe6 58. Re3 Rd2+ 59. Ke1 Rd6 60. Ra3 Kf6 61. Rf3+ Ke5 62. Re3+ Kf4 63. Re2 Ra6 64. Rf2+ Ke5 65. Re2+ Kd5 66. Rd2+ Nd4 67. Kf2 Ke4 68. Rd1 Rg6 69. Re1+ Kf4 70. Re8 Nf5 71. Ra8 Rb6 72. Ra4+ Ke5 73. Ra5+ Ke4 74. Ra2 Rh6 75. Ra4+ Nd4 76. Ra8 Kf4 77. Rf8+ Nf5 78. Ke2 Rd6 79. Ra8 Nd4+ 80. Kd3 Ne6+ 81. Kc4 Rd4+ 82. Kb5 Nc7+ 83. Kc5 Rd5+ 84. Kc6 Nxa8 85. Kxd5 1/2-1/2

[Event "Titled Tuesday intern op 16th Apr Early"]
[Site "Chess.com INT"]
[Date "2024.04.16"]
[Round "6"]
[White "Aditya, Varun Gampa"]
[Black "Wu, Derek"]
[Result "1-0"]
[WhiteElo "2325"]
[BlackElo "2295"]
[PlyCount "97"]
[EventDate "2024.04.16"]
[EventType "swiss (blitz)"]
[EventRounds "11"]
[EventCountry "USA"]
[SourceTitle "CB17_2024"]
[SourceDate "2024.04.24"]
[SourceVersion "1"]
[SourceVersionDate "2024.04.24"]
[SourceQuality "1"]

1. e4 e5 2. Nc3 Nf6 3. Bc4 Nc6 4. d3 Bc5 5. f4 exf4 6. Bxf4 0-0 7. Nf3 Nd4 8. Qd2 c6 9. 0-0-0 d5 10. exd5 cxd5 11. Bb3 Bg4 12. Rdf1 Re8 13. Ne5 Bh5 14. g4 Nxb3+ 15. axb3 Nxg4 16. Nxg4 Bxg4 17. Qg2 Be6 18. Be5 g6 19. h4 h5 20. Qg3 Bg4 21. Qf4 Rxe5 22. Qxe5 Be6 23. Qg3 Bd6 24. Qg2 Qa5 25. Kb1 Be5 26. Ne2 Rc8 27. Nf4 Bf5 28. Qxd5 Qc7 29. Rh2 Bxf4 30. Rg2 Be6 31. Rxg6+ Kf8 32. Rxe6 fxe6 33. Qxe6 Kg7 34. Rg1+ Bg3 35. Qe3 Kh7 36. Rxg3 Rg8 37. Qe4+ Kh8 38. Qd4+ Kh7 39. Qe4+ Kh8 40. Rg6 Rxg6 41. Qxg6 Qe5 42. Qg5 Qe1+ 43. Ka2 Qe2 44. Qd8+ Kh7 45. Qc7+ Kh6 46. Qxb7 Qxc2 47. Qa6+ Kh7 48. Qc4 Kg6 49. Qxc2 1-0

[Event "Titled Tuesday intern op 16th Apr Late"]
[Site "Chess.com INT"]
[Date "2024.04.16"]
[Round "2"]
[White "Averchenko, Sergej"]
[Black "Aditya, Varun Gampa"]
[Result "0-1"]
[WhiteElo "2164"]
[BlackElo "2325"]
[PlyCount "78"]
[EventDate "2024.04.16"]
[EventType "swiss (blitz)"]
[EventRounds "11"]
[EventCountry "USA"]
[SourceTitle "CB17_2024"]
[SourceDate "2024.04.24"]
[SourceVersion "1"]
[SourceVersionDate "2024.04.24"]
[SourceQuality "1"]

1. d4 g6 2. c4 Bg7 3. e4 d6 4. f3 Nc6 5. Ne2 e5 6. d5 Nce7 7. Nbc3 f5 8. Be3 Nf6 9. h3 f4 10. Bf2 g5 11. Nc1 h5 12. Be2 Ng6 13. Nd3 c5 14. dxc6 bxc6 15. Qd2 Be6 16. b3 d5 17. cxd5 cxd5 18. Nc5 Bf7 19. Bb5+ Kf8 20. exd5 Kg8 21. Ne6 Qa5 22. Bc4 Bxe6 23. dxe6 Kh7 24. Ne4 Qxd2+ 25. Nxd2 e4 26. fxe4 Nxe4 27. Nxe4 Bxa1 28. Nxg5+ Kg7 29. 0-0 Bf6 30. Nf7 Rhe8 31. Rd1 Bh4 32. Bc5 Be7 33. Bd4+ Bf6 34. Bc5 Nf8 35. Kf2 Nxe6 36. Bxe6 Rxe6 37. Nd6 Rd8 38. Kf3 Kg6 39. Rd2 Be7 0-1

[Event "Titled Tuesday intern op 16th Apr Late"]
[Site "Chess.com INT"]
[Date "2024.04.16"]
[Round "7"]
[White "Kalavannan, Koby"]
[Black "Aditya, Varun Gampa"]
[Result "1-0"]
[WhiteElo "2295"]
[BlackElo "2325"]
[PlyCount "103"]
[EventDate "2024.04.16"]
[EventType "swiss (blitz)"]
[EventRounds "11"]
[EventCountry "USA"]
[SourceTitle "CB17_2024"]
[SourceDate "2024.04.24"]
[SourceVersion "1"]
[SourceVersionDate "2024.04.24"]
[SourceQuality "1"]

1. d4 Nf6 2. c4 e6 3. g3 d5 4. Bg2 dxc4 5. Qa4+ Nbd7 6. Nc3 a6 7. Qxc4 b5 8. Qd3 Rb8 9. Bf4 Bb7 10. Bxb7 Rxb7 11. Qf3 Rb6 12. e4 c5 13. dxc5 Bxc5 14. Rd1 Bb4 15. a3 Bxc3+ 16. Qxc3 0-0 17. Bc7 Qa8 18. Ne2 Nxe4 19. Qf3 Rc6 20. Rxd7 Nf6 21. Rd1 Rxc7 22. Qxa8 Rxa8 23. Nc3 h5 24. Ke2 Rb8 25. Rd6 b4 26. axb4 Rxb4 27. Rd2 h4 28. Ra1 Rc6 29. Ra4 Rxa4 30. Nxa4 h3 31. Nc3 Ng4 32. Rd4 Nxh2 33. Rh4 f5 34. f3 Rb6 35. Nd1 g5 36. Rxh3 Nxf3 37. Rh6 Kg7 38. Rh1 Nd4+ 39. Kd3 e5 40. Kc4 Rb3 41. Re1 Kf6 42. Kd5 Nf3 43. Rh1 Rb5+ 44. Kd6 e4 45. Nc3 Rxb2 46. Nd5+ Kg7 47. Ke6 Ne5 48. Kxe5 Rb5 49. Ke6 a5 50. Ne3 f4 51. Nf5+ Kg6 52. Rh6# 1-0

[Event "Titled Tuesday intern op 13th Feb Early"]
[Site "Chess.com INT"]
[Date "2024.02.13"]
[Round "6"]
[White "Aditya, Varun Gampa"]
[Black "Mayaud, Raphael"]
[Result "1-0"]
[WhiteElo "2325"]
[BlackElo "2169"]
[PlyCount "93"]
[EventDate "2024.02.13"]
[EventType "swiss (blitz)"]
[EventRounds "11"]
[EventCountry "USA"]
[SourceTitle "CB08_2024"]
[SourceDate "2024.02.21"]
[SourceVersion "1"]
[SourceVersionDate "2024.02.21"]
[SourceQuality "1"]

1. e4 c6 2. d4 d5 3. exd5 cxd5 4. Nf3 Nc6 5. c4 Nf6 6. Nc3 e6 7. cxd5 exd5 8. Bb5 Be7 9. Ne5 Qb6 10. Qa4 0-0 11. Bxc6 bxc6 12. Qxc6 Qxd4 13. Nf3 Qg4 14. 0-0 Be6 15. Re1 Rfc8 16. Qb5 Rc5 17. Qb7 Re8 18. Be3 Rcc8 19. Qxa7 Ne4 20. Nxe4 dxe4 21. Nd4 Bc4 22. Rac1 Bf8 23. b3 Bd3 24. Rc7 Rxc7 25. Qxc7 h5 26. a4 h4 27. h3 Qg6 28. a5 Bd6 29. Qc6 Rd8 30. Rc1 Qf6 31. Nb5 Qe5 32. Nxd6 Rxd6 33. Qc8+ Kh7 34. Qg4 g6 35. Qxh4+ Kg7 36. Rc5 Qa1+ 37. Kh2 Re6 38. Bh6+ Kh7 39. Rc8 g5 40. Bxg5+ Kg6 41. Qh8 Kf5 42. Qh7+ Ke5 43. Qh8+ f6 44. Bxf6+ Rxf6 45. Re8+ Kf5 46. Qh5+ Kf4 47. g3# 1-0

[Event "Titled Tuesday intern op 13th Feb Late"]
[Site "Chess.com INT"]
[Date "2024.02.13"]
[Round "11"]
[White "Aditya, Varun Gampa"]
[Black "Murthy, Pappu LN"]
[Result "1-0"]
[WhiteElo "2325"]
[BlackElo "1821"]
[PlyCount "109"]
[EventDate "2024.02.13"]
[EventType "swiss (blitz)"]
[EventRounds "11"]
[EventCountry "USA"]
[SourceTitle "CB08_2024"]
[SourceDate "2024.02.21"]
[SourceVersion "1"]
[SourceVersionDate "2024.02.21"]
[SourceQuality "1"]

1. e4 e6 2. Nf3 d5 3. exd5 exd5 4. d4 Nf6 5. Bd3 c5 6. c3 c4 7. Bc2 Bd6 8. 0-0 0-0 9. h3 Nc6 10. Re1 h6 11. Nbd2 Be6 12. Nf1 b5 13. Ne5 Qc7 14. Nxc6 Qxc6 15. Qf3 Nh7 16. Ng3 a5 17. Bf4 b4 18. Bxd6 Qxd6 19. Re5 Rab8 20. Rae1 Ng5 21. Qh5 f6 22. Rxe6 Nxe6 23. Qg6 Rb7 24. Qh7+ Kf7 25. Bg6+ Ke7 26. Nf5+ Kd7 27. Nxd6 Kxd6 28. Bf5 Ng5 29. Qg6 Re7 30. Rxe7 Kxe7 31. Qxg7+ Rf7 32. Qxh6 Ne6 33. Bxe6 Kxe6 34. cxb4 axb4 35. Qe3+ Kd6 36. h4 Ra7 37. h5 Rxa2 38. h6 Ra1+ 39. Kh2 Ra7 40. Qg3+ Ke6 41. Qg8+ Kd6 42. h7 Rxh7+ 43. Qxh7 c3 44. bxc3 bxc3 45. Qd3 Ke6 46. Qxc3 f5 47. Qe3+ Kf6 48. Qe5+ Kg5 49. Qxd5 Kg4 50. f3+ Kf4 51. Qe5+ Kg5 52. Kg3 Kg6 53. Kf4 Kh6 54. Kxf5 Kh5 55. Qh2# 1-0

[Event "Titled Tuesday intern op 13th Feb Late"]
[Site "Chess.com INT"]
[Date "2024.02.13"]
[Round "10"]
[White "Aranda, Juan Manuel"]
[Black "Aditya, Varun Gampa"]
[Result "1-0"]
[WhiteElo "2102"]
[BlackElo "2325"]
[PlyCount "87"]
[EventDate "2024.02.13"]
[EventType "swiss (blitz)"]
[EventRounds "11"]
[EventCountry "USA"]
[SourceTitle "CB08_2024"]
[SourceDate "2024.02.21"]
[SourceVersion "1"]
[SourceVersionDate "2024.02.21"]
[SourceQuality "1"]

1. Nf3 d5 2. g3 c5 3. Bg2 Nc6 4. d4 e6 5. 0-0 Nf6 6. c4 dxc4 7. Na3 cxd4 8. Nxc4 Bc5 9. a3 a5 10. Qc2 0-0 11. Rd1 Bd7 12. Nfe5 Qc7 13. Bf4 Nxe5 14. Bxe5 Qc8 15. Rac1 Bc6 16. Bxd4 Bxg2 17. Bxf6 Bd5 18. Be5 Qc6 19. Nd6 Bh1 20. e4 Bf3 21. Rd2 Bxd6 22. Qxc6 bxc6 23. Rxd6 Bxe4 24. Rc4 Bd5 25. Rg4 g6 26. Rd7 Rad8 27. Rb7 f6 28. Bc3 Rf7 29. Rxf7 Kxf7 30. Rf4 f5 31. h3 Be4 32. g4 Rd1+ 33. Kh2 Rh1+ 34. Kg3 g5 35. Rxe4 fxe4 36. Bxa5 Rb1 37. Bc3 Ke7 38. a4 Kd6 39. a5 Kc5 40. h4 gxh4+ 41. Kxh4 Kb5 42. Kg3 c5 43. Kf4 Re1 44. Bxe1 1-0

[Event "Titled Tuesday intern op 13th Feb Late"]
[Site "Chess.com INT"]
[Date "2024.02.13"]
[Round "5"]
[White "Cuevas Araya, Walter"]
[Black "Aditya, Varun Gampa"]
[Result "1-0"]
[WhiteElo "2066"]
[BlackElo "2325"]
[PlyCount "95"]
[EventDate "2024.02.13"]
[EventType "swiss (blitz)"]
[EventRounds "11"]
[EventCountry "USA"]
[SourceTitle "CB08_2024"]
[SourceDate "2024.02.21"]
[SourceVersion "1"]
[SourceVersionDate "2024.02.21"]
[SourceQuality "1"]

1. e4 e5 2. d4 exd4 3. c3 d5 4. exd5 Qxd5 5. cxd4 Nc6 6. Nf3 Bf5 7. Be2 0-0-0 8. Nc3 Bb4 9. 0-0 Qa5 10. Be3 Nf6 11. Qb3 Be6 12. Qc2 Nd5 13. Bd2 Qb6 14. a3 Bxc3 15. bxc3 Nde7 16. Rfb1 Qa5 17. c4 Bf5 18. Qb2 Qb6 19. Qxb6 axb6 20. d5 Bxb1 21. dxc6 Be4 22. cxb7+ Kxb7 23. Bc3 Nf5 24. g4 Nd6 25. h3 f6 26. a4 Bc6 27. a5 Rhe8 28. Kf1 bxa5 29. c5 Nb5 30. Bxa5 Ra8 31. Nd2 Red8 32. Nb3 Nd4 33. Nxd4 Rxd4 34. Rb1+ Kc8 35. Bc3 Rd5 36. Bb4 Rb8 37. Bf3 Rd1+ 38. Bxd1 Be4 39. Rb2 Kd7 40. Be2 Kc6 41. f3 Bd5 42. Bc3 Ra8 43. Bd4 Ra1+ 44. Kf2 Ra4 45. Be3 Ra2 46. Rxa2 Bxa2 47. Bd3 Bd5 48. Bxh7 1-0

[Event "Titled Tuesday intern op 13th Feb Late"]
[Site "Chess.com INT"]
[Date "2024.02.13"]
[Round "1"]
[White "Mitrabha, Guha"]
[Black "Aditya, Varun Gampa"]
[Result "1-0"]
[WhiteElo "2526"]
[BlackElo "2325"]
[PlyCount "37"]
[EventDate "2024.02.13"]
[EventType "swiss (blitz)"]
[EventRounds "11"]
[EventCountry "USA"]
[SourceTitle "CB08_2024"]
[SourceDate "2024.02.21"]
[SourceVersion "1"]
[SourceVersionDate "2024.02.21"]
[SourceQuality "1"]

1. d4 d5 2. Bf4 Nf6 3. e3 e6 4. Nf3 Bd6 5. Nbd2 c5 6. c3 Nc6 7. Bd3 Qc7 8. Bxd6 Qxd6 9. 0-0 b6 10. e4 dxe4 11. Nxe4 Nxe4 12. Bxe4 Bb7 13. dxc5 Qxc5 14. Qe2 0-0 15. Rad1 Rad8 16. Rxd8 Rxd8 17. Rd1 Rxd1+ 18. Qxd1 g6 19. Qd7 1-0

[Event "Titled Tuesday intern op 13th Feb Early"]
[Site "Chess.com INT"]
[Date "2024.02.13"]
[Round "11"]
[White "Wueest, Andrin"]
[Black "Aditya, Varun Gampa"]
[Result "0-1"]
[WhiteElo "2234"]
[BlackElo "2325"]
[PlyCount "52"]
[EventDate "2024.02.13"]
[EventType "swiss (blitz)"]
[EventRounds "11"]
[EventCountry "USA"]
[SourceTitle "CB08_2024"]
[SourceDate "2024.02.21"]
[SourceVersion "1"]
[SourceVersionDate "2024.02.21"]
[SourceQuality "1"]

1. d4 e6 2. Nf3 Nf6 3. Nbd2 b6 4. e4 Bb7 5. Bd3 d5 6. e5 Nfd7 7. 0-0 c5 8. c3 Nc6 9. a3 a5 10. Qe2 g5 11. h3 h5 12. Nh2 cxd4 13. f4 dxc3 14. bxc3 gxf4 15. Ndf3 Bc5+ 16. Kh1 d4 17. c4 Rg8 18. Bxf4 Qc7 19. Ng5 Ncxe5 20. Qxh5 0-0-0 21. Be4 f6 22. Bxb7+ Qxb7 23. Ngf3 d3 24. Rad1 Qe4 25. Bxe5 Nxe5 26. Qf7 Nxf7 0-1

[Event "Titled Tuesday intern op 06th Feb Early"]
[Site "Chess.com INT"]
[Date "2024.02.06"]
[Round "6"]
[White "Aditya, Varun Gampa"]
[Black "Leve, Nitai D"]
[Result "0-1"]
[WhiteElo "2325"]
[BlackElo "2128"]
[PlyCount "102"]
[EventDate "2024.02.06"]
[EventType "swiss (blitz)"]
[EventRounds "11"]
[EventCountry "USA"]
[SourceTitle "CB07_2024"]
[SourceDate "2024.02.14"]
[SourceVersion "1"]
[SourceVersionDate "2024.02.14"]
[SourceQuality "1"]

1. e4 d5 2. exd5 Nf6 3. d4 Bg4 4. Be2 Bxe2 5. Qxe2 Qxd5 6. Nf3 Nc6 7. c3 0-0-0 8. 0-0 Qh5 9. Bf4 e6 10. a4 Bd6 11. Bxd6 Rxd6 12. b4 e5 13. b5 e4 14. bxc6 Rxc6 15. Nbd2 exf3 16. Nxf3 Rxc3 17. a5 Re8 18. Qb2 Rxf3 19. Rab1 Rf5 20. Qxb7+ Kd7 21. Rfc1 Rc8 22. Re1 Rxa5 23. Rbc1 Qd5 24. Qb4 Re8 25. Red1 Rb5 26. Qa4 a5 27. Rc5 Qxc5 28. dxc5+ Kc6 29. Rb1 Reb8 30. g4 Nd5 31. Rxb5 Rxb5 32. Qe4 Kxc5 33. Qxh7 a4 34. Qxg7 Kc4 35. h4 a3 36. Qa1 Rb3 37. Kg2 Nc3 38. h5 a2 39. Qf1+ Kb4 40. h6 Rb1 41. h7 Rxf1 42. h8Q a1Q 43. Qf8+ Kb3 44. Qxf7+ Kb2 45. Qf6 Rg1+ 46. Kf3 Qd1+ 47. Kf4 Qd2+ 48. Kf3 Qe2+ 49. Kf4 Qxf2+ 50. Kg5 Rxg4+ 51. Kxg4 Qxf6 0-1

[Event "Titled Tuesday intern op 06th Feb Early"]
[Site "Chess.com INT"]
[Date "2024.02.06"]
[Round "3"]
[White "Aditya, Varun Gampa"]
[Black "Levitan, Caleb Levi"]
[Result "1-0"]
[WhiteElo "2325"]
[BlackElo "2265"]
[PlyCount "75"]
[EventDate "2024.02.06"]
[EventType "swiss (blitz)"]
[EventRounds "11"]
[EventCountry "USA"]
[SourceTitle "CB07_2024"]
[SourceDate "2024.02.14"]
[SourceVersion "1"]
[SourceVersionDate "2024.02.14"]
[SourceQuality "1"]

1. e4 c5 2. Nf3 e6 3. c3 Nf6 4. e5 Nd5 5. d4 cxd4 6. cxd4 d6 7. Nc3 Bd7 8. Nxd5 exd5 9. Bd3 Nc6 10. Be3 dxe5 11. Nxe5 Nxe5 12. dxe5 Bb4+ 13. Bd2 Qe7 14. 0-0 Bxd2 15. Qxd2 0-0 16. Rfe1 Rac8 17. Rad1 Qc5 18. Bb1 Be6 19. Qd3 g6 20. h3 Rfd8 21. a3 b5 22. Qg3 b4 23. h4 bxa3 24. bxa3 Qc3 25. Re3 Qb2 26. Rb3 Qe2 27. Rbd3 d4 28. R3d2 Qc4 29. h5 Qb3 30. Qg5 d3 31. Bxd3 Qxa3 32. h6 Qf8 33. Bxg6 Rxd2 34. Be4+ Kh8 35. Qf6+ Kg8 36. Rxd2 a5 37. Rd3 Bg4 38. Rg3 1-0

[Event "Titled Tuesday intern op 06th Feb Late"]
[Site "Chess.com INT"]
[Date "2024.02.06"]
[Round "11"]
[White "Aditya, Varun Gampa"]
[Black "Slavin, Alexei"]
[Result "1-0"]
[WhiteElo "2325"]
[BlackElo "2364"]
[PlyCount "133"]
[EventDate "2024.02.06"]
[EventType "swiss (blitz)"]
[EventRounds "11"]
[EventCountry "USA"]
[SourceTitle "CB07_2024"]
[SourceDate "2024.02.14"]
[SourceVersion "1"]
[SourceVersionDate "2024.02.14"]
[SourceQuality "1"]

1. e4 Nc6 2. Nf3 d6 3. d4 Nf6 4. Nc3 Bg4 5. Bb5 a6 6. Bxc6+ bxc6 7. h3 Bc8 8. Be3 e6 9. Qd2 Be7 10. 0-0 h6 11. Rad1 0-0 12. e5 Nd5 13. Nxd5 cxd5 14. b3 dxe5 15. Nxe5 Bf6 16. c4 Bb7 17. Ng4 Bg5 18. Bxg5 Qxg5 19. Qxg5 hxg5 20. c5 a5 21. Ne5 Rfd8 22. Rc1 Ba6 23. Rfe1 Bb5 24. a4 Ba6 25. Nc6 Re8 26. Nxa5 Reb8 27. Re3 Bb7 28. Nxb7 Rxb7 29. Kf1 Rb4 30. Rd3 c6 31. Ke2 Kf8 32. Ke3 Ke7 33. Ra1 Kd7 34. Rh1 Rh8 35. g3 f6 36. h4 gxh4 37. Rxh4 Rhb8 38. Rh7 Rg8 39. Kd2 Ke7 40. Kc2 Kf7 41. Kc3 Rgb8 42. Kc2 Kg6 43. Rh1 e5 44. dxe5 fxe5 45. f3 e4 46. fxe4 Rxe4 47. Rhd1 Rbb4 48. Kc3 Rg4 49. Rd4 Rxg3+ 50. Kxb4 Kf5 51. R1d3 Rg2 52. Rd2 Rg3 53. R2d3 Rg2 54. Ka5 Ke5 55. Kb6 g5 56. Rb4 g4 57. Rdd4 g3 58. Rg4 Kf5 59. Rg7 Ke5 60. Rbg4 d4 61. a5 Rb2 62. Rxg3 Kd5 63. Rd7+ Ke4 64. Rg4+ Ke5 65. Rgxd4 Rxb3+ 66. Kxc6 Ra3 67. R7d5+ 1-0

[Event "Titled Tuesday intern op 06th Feb Early"]
[Site "Chess.com INT"]
[Date "2024.02.06"]
[Round "8"]
[White "Cardozo Munar, Carlos Eduardo"]
[Black "Aditya, Varun Gampa"]
[Result "1-0"]
[WhiteElo "2043"]
[BlackElo "2325"]
[PlyCount "69"]
[EventDate "2024.02.06"]
[EventType "swiss (blitz)"]
[EventRounds "11"]
[EventCountry "USA"]
[SourceTitle "CB07_2024"]
[SourceDate "2024.02.14"]
[SourceVersion "1"]
[SourceVersionDate "2024.02.14"]
[SourceQuality "1"]

1. g3 e5 2. Bg2 d5 3. b4 Bxb4 4. c4 Bc5 5. cxd5 Nf6 6. Nc3 0-0 7. e3 Nbd7 8. Nge2 Re8 9. 0-0 Nb6 10. e4 c6 11. dxc6 bxc6 12. a4 Ba6 13. Ba3 Bxa3 14. Rxa3 Nc4 15. Ra2 Qa5 16. d4 Rad8 17. d5 cxd5 18. Nxd5 Nxd5 19. exd5 Bb7 20. Qd3 Nb6 21. d6 Bxg2 22. Kxg2 Nd5 23. Qb5 Qxb5 24. axb5 Rxd6 25. Rxa7 Rb6 26. Rb1 f6 27. Rd7 Ne7 28. Nc3 Nf5 29. Nd5 Rbb8 30. b6 Kf8 31. b7 Nd4 32. Nc7 Re7 33. Na6 Ree8 34. Nxb8 Rxb8 35. Rc1 1-0

[Event "Budapest FS10 IM"]
[Site "Budapest"]
[Date "2023.10.13"]
[Round "6"]
[White "Chubakov, Sultan"]
[Black "Aditya, Varun Gampa"]
[Result "0-1"]
[WhiteElo "2069"]
[BlackElo "2254"]
[PlyCount "130"]
[EventDate "2023.10.07"]
[EventType "tourn"]
[EventRounds "9"]
[EventCountry "HUN"]
[EventCategory "2"]
[SourceTitle "Mega2024 Update 01"]
[Source "Chessbase"]
[SourceDate "2023.11.12"]
[SourceVersion "1"]
[SourceVersionDate "2023.11.12"]
[SourceQuality "1"]

1. d4 g6 2. c4 Bg7 3. e4 d6 4. Nc3 e5 5. dxe5 dxe5 6. Qxd8+ Kxd8 7. f4 Be6 8. Nf3 Nd7 9. Be2 h6 10. 0-0 exf4 11. Bxf4 g5 12. Be3 c6 13. Rad1 Ne7 14. Nd4 Bxd4 15. Bxd4 Rg8 16. Nd5 Ng6 17. Bh5 Nge5 18. Nf6 Ke7 19. Nxg8+ Rxg8 20. Be2 Nxc4 21. b3 Nce5 22. Bb2 c5 23. Bb5 a5 24. Rd2 h5 25. Bc3 b6 26. Bxd7 Nxd7 27. Rdf2 Kd8 28. Rd2 Kc7 29. Kf2 Ra8 30. Ke3 b5 31. Bf6 Nxf6 32. Rxf6 a4 33. Rc2 axb3 34. axb3 Kd6 35. Rh6 Ra3 36. Rxh5 Rxb3+ 37. Kd2 f6 38. Rh6 c4 39. Rxf6 Ke5 40. Rg6 Bf7 41. Rxg5+ Kd4 42. Rg7 Be8 43. e5 Rd3+ 44. Kc1 c3 45. Rf2 Re3 46. Rf4+ Kc5 47. Rf3 Re1+ 48. Kc2 b4 49. Rc7+ Kd5 50. Rd3+ Ke6 51. Rd6+ Kf5 52. Rb6 Ba4+ 53. Kd3 Rd1+ 54. Ke2 Rb1 55. Rc4 c2 56. Ke3 b3 57. g4+ Kg5 58. h4+ Kxh4 59. Kf2 Rd1 60. Ke2 Rd5 61. Rc3 Bb5+ 62. Rxb5 Rxb5 63. e6 b2 64. e7 Re5+ 65. Kd2 b1Q 0-1

[Event "Budapest Vezerkepzo GM 09"]
[Site "Budapest"]
[Date "2023.09.25"]
[Round "2"]
[White "Matyassy, Lazar"]
[Black "Aditya, Varun Gampa"]
[Result "1/2-1/2"]
[WhiteElo "2227"]
[BlackElo "2254"]
[PlyCount "101"]
[EventDate "2023.09.24"]
[EventType "tourn"]
[EventRounds "9"]
[EventCountry "HUN"]
[EventCategory "6"]
[SourceTitle "EXT 2024"]
[Source "ChessBase"]
[SourceDate "2023.10.10"]
[SourceVersion "1"]
[SourceVersionDate "2023.10.10"]
[SourceQuality "1"]

1. e4 c5 2. Nf3 Nc6 3. d4 cxd4 4. Nxd4 Nf6 5. Nc3 e5 6. Ndb5 d6 7. Bg5 a6 8. Na3 b5 9. Nd5 Be7 10. Bxf6 Bxf6 11. c3 Rb8 12. Nc2 0-0 13. g3 a5 14. a3 Be6 15. Bg2 Bxd5 16. Qxd5 Qb6 17. 0-0 b4 18. axb4 axb4 19. Ne3 bxc3 20. bxc3 Ne7 21. Qd3 Qc7 22. Ra6 Rb3 23. Rxd6 Rxc3 24. Qd1 Bg5 25. Rd7 Qc5 26. Nf5 g6 27. Qg4 Bf6 28. Nxe7+ Bxe7 29. Rd5 Qc7 30. Rd7 Qc8 31. Bh3 Rc7 32. Rfd1 Rxd7 33. Rxd7 Qc1+ 34. Kg2 Qa3 35. Qf3 Qxf3+ 36. Kxf3 Bc5 37. Bf1 Kh8 38. Rc7 Bd4 39. Ba6 Bb6 40. Rc8 Bd8 41. g4 Kg7 42. Bc4 Kf6 43. h4 h6 44. Kg3 Ke7 45. Ra8 Kd6 46. Bd5 Kc5 47. h5 gxh5 48. gxh5 f5 49. Rc8+ Kd4 50. Rc4+ Kd3 51. exf5 1/2-1/2

[Event "Titled Tuesday intern op 05th Sep Late"]
[Site "Chess.com INT"]
[Date "2023.09.05"]
[Round "3"]
[White "Aditya, Varun Gampa"]
[Black "Marin, Sebastian"]
[Result "1-0"]
[WhiteElo "2254"]
[BlackElo "2308"]
[PlyCount "95"]
[EventDate "2023.09.05"]
[EventType "swiss (blitz)"]
[EventRounds "11"]
[EventCountry "USA"]
[SourceTitle "EXT 2024"]
[Source "ChessBase"]
[SourceDate "2023.10.10"]
[SourceVersion "1"]
[SourceVersionDate "2023.10.10"]
[SourceQuality "1"]

1. d4 d5 2. Nf3 Nf6 3. Bf4 c5 4. e3 Nc6 5. Nbd2 cxd4 6. exd4 Bf5 7. Bb5 Bd7 8. 0-0 e6 9. c4 Be7 10. cxd5 Nxd5 11. Bg3 0-0 12. Nc4 a6 13. Bxc6 Bxc6 14. Nfe5 Be8 15. Rc1 Bf6 16. Re1 Ne7 17. Qf3 Nc6 18. Ng4 Nxd4 19. Nxf6+ Qxf6 20. Qxf6 gxf6 21. Bd6 Bc6 22. Bxf8 Kxf8 23. Rcd1 Nf5 24. Nb6 Re8 25. Rd3 Ke7 26. g3 Rg8 27. f3 h5 28. Kf2 Nd6 29. Nd5+ Bxd5 30. Rxd5 h4 31. g4 Rc8 32. Rh5 Rc2+ 33. Re2 Rc1 34. Rxh4 Nb5 35. Rh8 Nd4 36. Rd2 e5 37. h4 Rh1 38. Kg2 Ra1 39. h5 f5 40. g5 Ne6 41. h6 Nxg5 42. h7 Kf6 43. Rd6+ Kg7 44. Rg8+ Kxh7 45. Rxg5 Rxa2 46. Rxf5 Rxb2+ 47. Kg3 e4 48. Rxf7+ 1-0